Loading...
| Science - Other Science | 0 | 3 | 0 | 0 | 30 | 95 | 98.67 | 0 | 1 |
| Mythology | 0 | 2 | 0 | 0 | 20 | 134 | 135.50 | 0 | 0 |
| Fine Arts - Other Fine Arts | 0 | 1 | 0 | 0 | 10 | 95 | 95.00 | 0 | 1 |
| Other Academic | 0 | 1 | 0 | 1 | 10 | 124 | 124.00 | 0 | 0 |
| Philosophy | 0 | 1 | 0 | 0 | 10 | 116 | 116.00 | 0 | 1 |
| Religion | 0 | 1 | 0 | 1 | 10 | 123 | 123.00 | 0 | 0 |
| History - Other History | 0 | 1 | 1 | 1 | 5 | 125 | 125.00 | 0 | 0 |
| Fine Arts - Visual Fine Arts | 0 | 0 | 0 | 0 | 0 | 0.00 | 0 | 0 | |
| History - European History | 0 | 1 | 2 | 1 | 0 | 132 | 132.00 | 0 | 0 |
| History - American History | 0 | 1 | 2 | 0 | 0 | 130 | 130.00 | 0 | 0 |
| Science - Physics | 0 | 0 | 4 | 0 | -20 | 0.00 | 0 | 0 |